| 000 | 00716nam a2200253 a 4500 | ||
|---|---|---|---|
| 001 | 68199 | ||
| 003 | BD-RjUL | ||
| 005 | 20211209081736.0 | ||
| 008 | 170330s1960 e a|||| |||| 001 0 eng d | ||
| 035 | _a(BD-RjUL)68409 | ||
| 040 |
_aBD-RjUL _beng _cBD-RjUL |
||
| 041 | _aeng | ||
| 082 |
_223 _a621.3133 _bCOA 1960 |
||
| 100 |
_aCotton, H _9202177 |
||
| 245 |
_aAlternating current machines / _cH. Cotton |
||
| 250 | _a2nd ed. | ||
| 260 |
_a London : _bMacmillan, _c1960 |
||
| 300 |
_a328 p. : _bill. ; _c17 cm |
||
| 490 | _a Cleaver-Hume electrical series, no. 4 | ||
| 500 | _aIncludes indexes | ||
| 650 |
_aElectric machinery _9158127 |
||
| 856 |
_3 Cleaver-Hume electrical series, _u no. 4 |
||
| 942 |
_2ddc _cBK |
||
| 999 |
_c68199 _d68199 |
||